Algo de lo que somos (Registro nro. 29984)

Detalles MARC
000 -ENCABEZADO
Número de control [NR] 00970nam a2200193Ia 4500
008 - DE LONGITUD FIJA DE DATOS DE ELEMENTOS - INFORMACIÓN GENERAL
Elementos de longitud fija [NR] 130821s1999 ck gs spa
040 ## - FUENTE DE CATALOGACION [NR]
Agencia de catalogación original [NR] Co-BoUCM
Idioma de catalogación [NR] spa
041 00 - CODIGO DE IDIOMA [R]
Código de idioma para texto/pista de sonido o título separado [R] Español
092 ## - SIGNATURA TOPOGRAFICA LOCAL
Número de clasificación local CD 0064
100 1# - ASIENTO PRINCIPAL--NOMBRE PERSONAL [NR]
Nombre personal [NR] Jiménez, Jorge Humberto
245 01 - MENCION DE TITULO [NR]
Título [NR] Algo de lo que somos
Mención de responsabilidad, etc. [NR] Jorge Humberto Jiménez, cantautor.
260 ## - PUBLICACION, DISTRIBUCION, ETC. (PIE DE IMPRENTA) [R]
Lugar de publicación, distribución, etc. [R] Bogotá (Colombia)
Nombre del editor, distribuidor, etc. [R] Instituto Distrital de Cultura y Turismo
Fecha de publicación, distribución, etc. [R] 1999
300 ## - DESCRIPCION FISICA [R]
Extensión [R] 1 CD-ROM
505 ## - NOTA DE CONTENIDO CON FORMATO PREESTABLECIDO [R]
Nota de contenido con formato preestablecido [NR] El rebusque. -- Blanquita blanca. -- La espera. -- Creo. -- Gerente como yo. -- Sin saber cómo y cuándo. -- Nostalgia de culebrero. -- Canta un pijao. -- Me duele el alma. -- Maleta de viaje. -- Ayer padres, hoy abuelos. -- Corazón boyacense. -- Alpargatas de mi tierra. -- Que suerte que somos dos. -- El homo sapiens. -- Cerro lindo.
650 04 - ASIENTO SECUNDARIO DE MATERIA - TERMINO TEMATICO [R]
Término temático o nombre geográfico como elemento de entrada [NR] Arte
9 (RLIN) 9444
650 04 - ASIENTO SECUNDARIO DE MATERIA - TERMINO TEMATICO [R]
Término temático o nombre geográfico como elemento de entrada [NR] Música colombiana
Subdivisión de forma [R] CD-ROM
9 (RLIN) 19984
710 ## - ASIENTO SECUNDARIO - NOMBRE CORPORATIVO [R]
Nombre corporativo o de jurisdicción como elemento de entrada [NR] Bogotá.
Unidad subordinada [R] Alcaldía Mayor.
-- Instituto Distrital de Cultura y Turismo. IDCT
942 ## - ELEMENTOS DE ENTRADA AGREGADOS (KOHA)
Tipo de ítem principal el descrito en 300a Multimedia
Sistema de clasificación LOCAL
Tema principal Arte
Edición 1
Existencias
Fecha de último préstamo Total préstamos Código de barras Última vez visto Volúmen / Fascículo Ejemplar Price effective from Tipo de ítem Perdido Sistema de clasificación Dañado No prestable Tipo de ítem específico Suprimido Ubicación habitual Ubicación actual Localización Fecha de creación Forma de adquisición Costo
26/07/2007   100069068 10/12/2024 CD 0064 Ej.1 03/02/2013 Multimedia   DEWEY     CD-Rom   Claustro Claustro Colección digital 28/02/2003 Donación 0.00